Science Quiz

Random Science or Clickable Quiz

Clickable Wikipedia Featured Articles: Biology Edition Quiz Stats

Quiz not verified by Sporcle

Score 0/15 Timer 04:00
0 Plays Today
% Correct
Woolly mammoth
83.8%
Cougar
83.7%
Pelican
82.3%
Bone Wars
79.7%
Evolution
79.3%
Bacteria
79.1%
Immune system
72.7%
Ant
71.8%
% Correct
Amphibian
70.3%
Dodo
69.4%
Genetics
68.9%
DNA
68.7%
Virus
68%
Cell nucleus
57.9%
Thylacine
47%

You're not logged in!

Compare scores with friends on all Sporcle quizzes.
Sign Up with Email
OR
Log In

You Might Also Like...

Show Comments

Extras

Top Quizzes Today


Score Distribution

Your Account Isn't Verified!

In order to create a playlist on Sporcle, you need to verify the email address you used during registration. Go to your Sporcle Settings to finish the process.

Report this User

Report this user for behavior that violates our Community Guidelines.

Details: